<?xml version="1.0" encoding="UTF-8"?>
<marc:record xmlns:marc="http://www.loc.gov/MARC21/slim">
   <marc:leader>00000nam a2200000 a 4500</marc:leader>
   <marc:datafield ind1="1" ind2=" " tag="100">
      <marc:subfield code="a">Möller, Thomas</marc:subfield>
      <marc:subfield code="4">aut</marc:subfield>
      <marc:subfield code="e">Verfasser/-in</marc:subfield>
   </marc:datafield>
   <marc:datafield ind1="1" ind2=" " tag="100">
      <marc:subfield code="a">Pohl, Tordis</marc:subfield>
      <marc:subfield code="4">aut</marc:subfield>
      <marc:subfield code="e">Verfasser/-in</marc:subfield>
   </marc:datafield>
   <marc:datafield ind1="1" ind2=" " tag="100">
      <marc:subfield code="a">Geigele, Dietmar</marc:subfield>
      <marc:subfield code="4">aut</marc:subfield>
      <marc:subfield code="e">Verfasser/-in</marc:subfield>
   </marc:datafield>
   <marc:datafield ind1="1" ind2=" " tag="100">
      <marc:subfield code="a">Wöhler, Gustav-Peter</marc:subfield>
   </marc:datafield>
   <marc:datafield ind1="1" ind2=" " tag="100">
      <marc:subfield code="a">Hoersch, Judith</marc:subfield>
   </marc:datafield>
   <marc:datafield ind1="1" ind2=" " tag="100">
      <marc:subfield code="a">Perumal, Murali</marc:subfield>
   </marc:datafield>
   <marc:datafield ind1="1" ind2=" " tag="100">
      <marc:subfield code="a">Mahadevan, Kailas</marc:subfield>
   </marc:datafield>
   <marc:datafield ind1="1" ind2=" " tag="100">
      <marc:subfield code="a">Hause, Nicholas</marc:subfield>
   </marc:datafield>
   <marc:datafield ind1="0" ind2="0" tag="245">
      <marc:subfield code="a">Sesamstrasse präsentiert: Das Geheimnis der Blumenfabrik (Teil 2)</marc:subfield>
   </marc:datafield>
   <marc:datafield ind1="0" ind2="0" tag="245">
      <marc:subfield code="c">Schauspieler: Kailas Mahadevan, Murali Perumal, Judith Hoersch, Gustav-Peter Wöhler; Kamera: Robert Naczynsky; Regie: Dirk Nabersberg; Drehbuch: Thomas  Möller, Tordis  Pohl, Dietmar  Geigele, Nicholas Hause</marc:subfield>
   </marc:datafield>
   <marc:datafield ind1=" " ind2="1" tag="264">
      <marc:subfield code="a">Potsdam</marc:subfield>
      <marc:subfield code="b">filmwerte GmbH</marc:subfield>
      <marc:subfield code="c">2022</marc:subfield>
   </marc:datafield>
   <marc:datafield ind1="1" ind2=" " tag="520">
      <marc:subfield code="a">Das Abenteuer geht weiter! Das Eichhörnchen Knuspel muss aus dem Eichen-Park fliehen, weil eines Morgens dort die Bagger anrollen und anfangen, die Bäume zu fällen. Gemeinsam mit Pferd und Wolle versucht es, die Bauarbeiter aufzuhalten. Doch gegen Hubert Hämmerlein, den fiesen Boss der Baustelle, haben sie zunächst keine Chance. Als Finchen dann einen geheimen Bauplan entdeckt, erfahren die Freunde, dass Hämmerlein in seiner Fabrik Blumen herstellen will. Doch kann das wirklich stimmen? Wolle und Pferd wollen unbedingt herausfinden, was es mit dem Geheimnis der Blumenfabrik auf sich hat.</marc:subfield>
   </marc:datafield>
   <marc:datafield ind1=" " ind2=" " tag="041">
      <marc:subfield code="a">ger</marc:subfield>
   </marc:datafield>
   <marc:datafield ind1=" " ind2=" " tag="300">
      <marc:subfield code="a">1 Online-Ressource (48 min), Bild: 16:9 HD</marc:subfield>
   </marc:datafield>
</marc:record>
